Derecho, lógica, matemática
Сохранить в:
| Главный автор: | |
|---|---|
| Формат: | |
| Язык: | испанский |
| Опубликовано: |
Ciudad de México
Fontamara
1991
|
| Серии: | Biblioteca de Etica, Filosofía del Derecho y Política, 6
|
| Предметы: | |
| Метки: |
Добавить метку
Нет меток, Требуется 1-ая метка записи!
|
MARC
| LEADER | 00000nam a2200000 a 4500 | ||
|---|---|---|---|
| 001 | UCX9814 | ||
| 003 | CL-VaPUC | ||
| 008 | 940628e19910000MX |||||||||||||||||spa|d | ||
| 082 | 0 | 4 | |a 340.1 |b FIE |2 21 |
| 100 | 0 | |a Fiedler, Herbert |e author |9 327280 | |
| 245 | 1 | 0 | |a Derecho, lógica, matemática |
| 300 | |a 64 p | ||
| 942 | |c BK | ||
| 945 | |d 19940628 00:00:00 |a aalvarez | ||
| 260 | |a Ciudad de México |b Fontamara |c 1991 | ||
| 650 | 0 | |a Filosofía del derecho |9 255050 | |
| 583 | |a last modification |c 19940628 00:00:00 |k Rodrigo Vera | ||
| 490 | 0 | |a Biblioteca de Etica, Filosofía del Derecho y Política, 6 | |
| 999 | |c 228947 |d 228945 | ||
| 952 | |0 0 |1 0 |4 0 |6 340_100000000000000_FIE_1991 |7 0 |8 DER_TF |9 229455 |a BIBDER |b BIBDER |d 2019-11-15 |i 2983672 |o 340.1 FIE 1991 |p 2983672 |r 2019-11-15 |w 2019-11-15 |x Ubicación 4to Piso |y BK |z Estos recursos deben solicitarse con anticipación |k DER | ||